[Event "SV Erkenschwick 2 - SV Waltrop 1"]
[Site "Verbandsliga - Gr. 1 2019/202"]
[Date "2019.09.22"]
[Round "1.5"]
[White "Drewes, Martin"]
[Black "Spriestersbach, Kai"]
[Result "1/2-1/2"]
[WhiteElo "1920"]
[BlackElo "1647"]
[PlyCount "54"]
[EventDate "2019.??.??"]

1. e4 c6 2. d4 d5 3. Nc3 dxe4 4. Nxe4 Bf5 5. Ng3 Bg6 6. h4 h6 7. h5 Bh7 8. Nf3
Nf6 9. Bd3 Bxd3 10. Qxd3 e6 11. Bd2 Bd6 12. O-O-O Nbd7 13. Rde1 Qc7 14. Nf5 O-O
15. Nxd6 Qxd6 16. Rh4 c5 17. g4 cxd4 18. g5 Nc5 19. Qa3 hxg5 20. Rxd4 Qc7 21.
Rc4 Nfd7 22. b4 b5 23. Rxc5 Nxc5 24. bxc5 Rfc8 25. Be3 g4 26. Ng5 Qe5 27. Qb2
Rxc5 1/2-1/2

[Event "SV Erkenschwick 2 - SV Waltrop 1"]
[Site "Verbandsliga - Gr. 1 2019/202"]
[Date "2019.09.22"]
[Round "1.6"]
[White "Broszeit, Peter"]
[Black "Atali, Dogukan"]
[Result "0-1"]
[WhiteElo "1879"]
[BlackElo "1815"]
[PlyCount "42"]
[EventDate "2019.??.??"]

1. c4 e6 2. g3 d5 3. cxd5 exd5 4. Bg2 Nf6 5. d4 Bd6 6. Nf3 h6 7. O-O O-O 8. Nc3
c6 9. Qc2 Re8 10. Nh4 Ng4 11. e4 dxe4 12. Nxe4 Bc7 13. h3 Nf6 14. Nxf6+ Qxf6
15. d5 Bb6 16. Be3 g5 17. dxc6 Nxc6 18. Bxb6 axb6 19. Nf3 Bxh3 20. a3 Bxg2 21.
Kxg2 Qxf3+ 0-1

[Event "SV Erkenschwick 2 - SV Waltrop 1"]
[Site "Verbandsliga - Gr. 1 2019/202"]
[Date "2019.09.22"]
[Round "1.7"]
[White "Sehrbrock, Christoph"]
[Black "Stoetzel, Martin"]
[Result "1/2-1/2"]
[WhiteElo "1811"]
[BlackElo "1766"]
[PlyCount "28"]
[EventDate "2019.??.??"]

1. e4 e5 2. Nf3 Nf6 3. Nc3 Nc6 4. Bb5 Bc5 5. O-O O-O 6. d3 Re8 7. Bg5 Be7 8.
Bxc6 dxc6 9. Nxe5 Nxe4 10. Nxc6 Nxc3 11. Nxe7+ Qxe7 12. Bxe7 Nxd1 13. Ba3 Nxb2
14. Bxb2 Be6 1/2-1/2

[Event "SV Erkenschwick 2 - SV Waltrop 1"]
[Site "Verbandsliga - Gr. 1 2019/202"]
[Date "2019.09.22"]
[Round "1.8"]
[White "Heuver, Stefan"]
[Black "Schmidt, Sebastian"]
[Result "0-1"]
[WhiteElo "1786"]
[BlackElo "1718"]
[PlyCount "106"]
[EventDate "2019.??.??"]

1. e4 c5 2. Nc3 a6 3. g3 b5 4. Bg2 Bb7 5. d3 e6 6. f4 d5 7. e5 Nh6 8. Nf3 Nf5
9. a4 b4 10. Ne2 d4 11. O-O h5 12. h3 Ra7 13. Kh2 Be7 14. Qe1 a5 15. Neg1 Na6
16. Ng5 Bxg5 17. Bxb7 Rxb7 18. fxg5 b3 19. Qe4 Qc8 20. Rf2 Rb6 21. c4 Qb7 22.
Qxb7 Rxb7 23. Bd2 Nb4 24. Bxb4 Rxb4 25. Nf3 Ne3 26. Ne1 Ke7 27. Re2 Rhb8 28.
Rxe3 dxe3 29. Kg2 f6 30. gxf6+ gxf6 31. Kf3 Rg8 32. Ng2 fxe5 33. Nxe3 Rd8 34.
Ke2 Rd4 35. g4 e4 36. dxe4 Rxe4 37. Kd3 Rf4 38. Re1 Rd4+ 39. Kc3 Kd6 40. g5 Kc6
41. g6 Rb7 42. Ng2 Kd6 43. Re3 Rg7 44. Rg3 Ke5 45. Ne1 Kf6 46. Nf3 h4 47. Rg2
Rf4 48. Nd2 Rxg6 49. Rxg6+ Kxg6 50. Kd3 Rd4+ 51. Ke3 Kf5 52. Nxb3 Rxc4 53. Nxa5
Rxa4 0-1

[Event "Oberhausener SV 2 - Dortmunder SV 1"]
[Site "Verbandsliga - Gr. 2 2019/202"]
[Date "2019.09.22"]
[Round "1.1"]
[White "Wichtrup, Jan-Louis"]
[Black "Joergens, Markus"]
[Result "1-0"]
[WhiteElo "2117"]
[BlackElo "1991"]
[PlyCount "93"]
[EventDate "2019.??.??"]

1. Nf3 d5 2. e3 Nf6 3. c4 e6 4. b3 Be7 5. Bb2 O-O 6. Nc3 b6 7. cxd5 Nxd5 8. Qc2
c5 9. h4 Nc6 10. a3 Nxc3 11. dxc3 Bb7 12. Rd1 Qc7 13. Bd3 h6 14. c4 Rfe8 15.
Rh3 Bd6 16. g4 e5 17. Bh7+ Kf8 18. Be4 Nd4 19. Nxd4 exd4 20. Bxb7 Qxb7 21. Kf1
Qd7 22. Qf5 Qxf5 23. gxf5 Re4 24. exd4 cxd4 25. Rxd4 Rxd4 26. Bxd4 Bxa3 27. h5
Rd8 28. Rd3 Be7 29. Ke2 f6 30. Kf3 Kf7 31. Ke4 Bb4 32. Be3 Re8+ 33. Kf3 Re7 34.
Rd5 Rc7 35. Ke4 Ke7 36. Bf4 Rb7 37. f3 Kf7 38. Rd8 Be7 39. Rc8 a6 40. Rc7 Rxc7
41. Bxc7 b5 42. cxb5 axb5 43. Kd5 Ke8 44. Kc6 b4 45. Bd6 Kd8 46. Bxe7+ Kxe7 47.
f4 1-0

[Event "Oberhausener SV 2 - Dortmunder SV 1"]
[Site "Verbandsliga - Gr. 2 2019/202"]
[Date "2019.09.22"]
[Round "1.2"]
[White "Weyh, Thomas"]
[Black "Mallee, Ralph"]
[Result "1/2-1/2"]
[WhiteElo "1993"]
[BlackElo "2064"]
[PlyCount "68"]
[EventDate "2019.??.??"]

1. d4 Nf6 2. c4 g6 3. Nc3 d5 4. Nf3 Bg7 5. Bg5 Ne4 6. Bh4 Nxc3 7. bxc3 c5 8.
cxd5 Qxd5 9. e3 cxd4 10. cxd4 Nc6 11. Be2 O-O 12. O-O Bf5 13. Qa4 a6 14. Rac1
b5 15. Qa3 Rfc8 16. Rc5 Qd7 17. Rd1 b4 18. Qb3 a5 19. Bb5 Qb7 20. Ng5 e6 21. h3
Nxd4 22. exd4 Rxc5 23. dxc5 Qxb5 24. g4 h6 25. Nxf7 Kxf7 26. gxf5 gxf5 27. Rd6
Re8 28. Qf3 Be5 29. Qh5+ Kg7 30. c6 Bxd6 31. Qxe8 Qd5 32. Qd7+ Kg6 33. Qe8+ Kg7
34. Qd7+ Kg6 1/2-1/2

[Event "Oberhausener SV 2 - Dortmunder SV 1"]
[Site "Verbandsliga - Gr. 2 2019/202"]
[Date "2019.09.22"]
[Round "1.3"]
[White "Wittmann, Rainer"]
[Black "Krueger, André"]
[Result "1/2-1/2"]
[WhiteElo "1995"]
[BlackElo "1959"]
[PlyCount "72"]
[EventDate "2019.??.??"]

1. e4 c5 2. Nf3 Nc6 3. d4 cxd4 4. Nxd4 Nf6 5. Nc3 e5 6. Ndb5 d6 7. Nd5 Nxd5 8.
exd5 Ne7 9. c4 Ng6 10. Qa4 Bd7 11. Qb4 Qb8 12. h4 h5 13. g3 a6 14. Nc3 Be7 15.
Na4 b5 16. cxb5 Bxb5 17. Bxb5+ Qxb5 18. Qxb5+ axb5 19. Nc3 b4 20. Ne4 Ra5 21.
Bd2 Rxd5 22. f3 Rb5 23. Ke2 d5 24. Nf2 Kd7 25. a4 bxa3 26. bxa3 Ra8 27. a4 Rb3
28. a5 f5 29. Rhb1 Rxb1 30. Rxb1 e4 31. Rb5 Ke6 32. Rb6+ Kf7 33. Rb7 Ke6 34.
Rb6+ Kf7 35. Rb7 Ke6 36. Rb6+ Kf7 1/2-1/2

[Event "Oberhausener SV 2 - Dortmunder SV 1"]
[Site "Verbandsliga - Gr. 2 2019/202"]
[Date "2019.09.22"]
[Round "1.4"]
[White "Gerst, Michael"]
[Black "Huettemann, Karl-Heinz"]
[Result "1/2-1/2"]
[WhiteElo "1899"]
[BlackElo "1952"]
[Annotator "Daniel"]
[PlyCount "81"]
[EventDate "2019.??.??"]

1. d4 d5 2. c4 e6 3. Nc3 Nf6 4. Nf3 Nbd7 5. e3 Be7 6. Bd3 dxc4 7. Bxc4 O-O 8.
O-O c5 9. Qe2 a6 10. a4 cxd4 11. exd4 Nb6 12. Bb3 Nbd5 13. Bg5 h6 $11 14. Bh4
b6 15. Nxd5 exd5 16. Ne5 Bb7 17. Bc2 Ne4 18. Bxe7 Qxe7 19. f3 Nf6 20. Qd3 g6
21. Rfe1 Rae8 22. Qd2 Qd6 23. Qxh6 Qb4 24. Rad1 Re7 25. Qd2 Qd6 26. Re2 Kg7 27.
Rde1 a5 28. Qg5 Nh7 29. Qh4 Rc7 30. Bd3 Nf6 31. Qg5 Nh7 32. Qf4 Qd8 33. Qg3 Qg5
34. Ng4 Rc1 35. f4 Rxe1+ 36. Rxe1 Qd8 37. f5 g5 38. f6+ Nxf6 39. Ne3 Ne4 40.
Bxe4 dxe4 41. h4 1/2-1/2

[Event "Oberhausener SV 2 - Dortmunder SV 1"]
[Site "Verbandsliga - Gr. 2 2019/202"]
[Date "2019.09.22"]
[Round "1.5"]
[White "Canzler, Harald"]
[Black "Matzat, Andre"]
[Result "1/2-1/2"]
[WhiteElo "1967"]
[BlackElo "1986"]
[PlyCount "31"]
[EventDate "2019.??.??"]

1. Nf3 c5 2. g3 Nc6 3. Bg2 e5 4. d3 g6 5. O-O Bg7 6. c4 Nge7 7. Nc3 O-O 8. Ne1
Rb8 9. Nc2 a6 10. a4 d6 11. Rb1 a5 12. Ne3 Nb4 13. Ned5 Nbxd5 14. Nxd5 Nxd5 15.
Bxd5 b6 16. b3 1/2-1/2

[Event "Oberhausener SV 2 - Dortmunder SV 1"]
[Site "Verbandsliga - Gr. 2 2019/202"]
[Date "2019.09.22"]
[Round "1.6"]
[White "Stefaniak, Christian"]
[Black "Brockmann, Fabian"]
[Result "1/2-1/2"]
[WhiteElo "1915"]
[BlackElo "1921"]
[PlyCount "32"]
[EventDate "2019.??.??"]

1. e4 g6 2. d4 Bg7 3. Nf3 c5 4. c3 cxd4 5. cxd4 d5 6. exd5 Nf6 7. Bb5+ Nbd7 8.
O-O O-O 9. d6 exd6 10. Nc3 a6 11. Bd3 b5 12. Bg5 Qb6 13. a4 bxa4 14. Nxa4 Qb8
15. Nd2 Bb7 16. Nc4 Bd5 1/2-1/2

[Event "Oberhausener SV 2 - Dortmunder SV 1"]
[Site "Verbandsliga - Gr. 2 2019/202"]
[Date "2019.09.22"]
[Round "1.7"]
[White "Alarand, Beshr"]
[Black "Seibert, Michael"]
[Result "1/2-1/2"]
[WhiteElo "1908"]
[BlackElo "1958"]
[PlyCount "126"]
[EventDate "2019.??.??"]

1. e4 c5 2. Nf3 g6 3. d4 cxd4 4. Nxd4 Bg7 5. Nc3 Nc6 6. Be3 Nf6 7. Bc4 O-O 8.
Nb3 d6 9. f3 a5 10. a4 Ne5 11. Be2 Be6 12. Nd4 Bc4 13. b3 Bxe2 14. Ndxe2 Rc8
15. Qd2 e6 16. Rd1 d5 17. exd5 Nxd5 18. Nxd5 exd5 19. O-O Qc7 20. Nd4 Rfe8 21.
Nb5 Qxc2 22. Nd6 Qxb3 23. Nxe8 Nc4 24. Qd3 Qxd3 25. Rxd3 Nxe3 26. Nd6 Rc6 27.
Re1 d4 28. Nxb7 Rc2 29. g3 h5 30. Nxa5 Ra2 31. Nb3 Rxa4 32. Ra1 Rc4 33. Ra8+
Kh7 34. Ra7 Kg8 35. Rd7 h4 36. Nxd4 hxg3 37. hxg3 Rc1+ 38. Kf2 Nd1+ 39. Ke2 Nb2
40. Rb3 Bxd4 41. Rxd4 Rc2+ 42. Ke3 Rg2 43. Rb7 Kg7 44. Rbb4 Rc2 45. g4 g5 46.
Ke4 Kg6 47. Rb6+ Kg7 48. Rd5 Re2+ 49. Kf5 Nc4 50. Rb3 Ne3+ 51. Ke4 Nxd5+ 52.
Kxd5 Re6 53. Kd4 Kg6 54. Rb5 Rf6 55. Ke4 Rf4+ 56. Ke3 Rf6 57. Re5 Ra6 58. Rf5
Re6+ 59. Kd4 Rd6+ 60. Ke5 Re6+ 61. Kd5 Re3 62. Kd4 Re6 63. Re5 Rf6 1/2-1/2

[Event "Oberhausener SV 2 - Dortmunder SV 1"]
[Site "Verbandsliga - Gr. 2 2019/202"]
[Date "2019.09.22"]
[Round "1.8"]
[White "Hombrecher, Kai"]
[Black "Wolff, Torsten"]
[Result "0-1"]
[WhiteElo "1809"]
[BlackElo "1859"]
[PlyCount "44"]
[EventDate "2019.??.??"]

1. e4 c5 2. Nf3 e6 3. d4 cxd4 4. Nxd4 a6 5. c4 Nf6 6. Nc3 Qc7 7. a3 b6 8. g3
Bb7 9. f3 Nc6 10. Nc2 Ne5 11. Ne3 h5 12. Be2 g5 13. O-O h4 14. b4 hxg3 15. hxg3
Ng6 16. Kf2 Rh2+ 17. Ng2 Bd6 18. Bxg5 Bxg3+ 19. Kg1 Nh4 20. Nxh4 Bxh4 21. f4
Rh3 22. Bxf6 Bxf6 0-1

[Event "SK Sodingen/Castrop 2 - SV Recklinghaus"]
[Site "Verbandsliga - Gr. 2 2019/202"]
[Date "2019.09.22"]
[Round "1.1"]
[White "Beckmann, Klaus"]
[Black "Ribbeheger, Edgar"]
[Result "0-1"]
[WhiteElo "2095"]
[BlackElo "2014"]
[PlyCount "110"]
[EventDate "2019.??.??"]

1. d4 d5 2. Nf3 e6 3. c4 Be7 4. g3 Nf6 5. Bg2 O-O 6. O-O c5 7. cxd5 exd5 8. b3
Nc6 9. Bb2 Re8 10. Nc3 b6 11. Rc1 Be6 12. dxc5 bxc5 13. Na4 Qa5 14. Bc3 Qa6 15.
Nxc5 Bxc5 16. Bxf6 Ba3 17. Rxc6 Qxc6 18. Ba1 Rac8 19. Nd4 Qa6 20. Qd2 Bf8 21.
h4 Rc5 22. Bf3 Rec8 23. Kg2 R8c7 24. Rd1 Qc8 25. Nxe6 fxe6 26. Bg4 Qe8 27. Be5
R7c6 28. Bd4 Rc2 29. Qa5 a6 30. h5 Qb8 31. e4 Bb4 32. Qa4 Qb5 33. Qxb5 axb5 34.
exd5 exd5 35. Bd7 Ra6 36. a4 bxa4 37. bxa4 Bc5 38. Bb5 Ra5 39. h6 Bxd4 40. Rxd4
Rc5 41. hxg7 Ra7 42. f4 Rxg7 43. Rd3 Kf7 44. Kf3 Ke6 45. g4 Rgc7 46. g5 Rc3 47.
Kg4 Rxd3 48. Bxd3 d4 49. Bf5+ Kd5 50. Kh5 Rf7 51. Bd3 Rxf4 52. Bxh7 Ke5 53. a5
Rf3 54. Kh6 Rh3+ 55. Kg7 Ra3 0-1

[Event "SK Sodingen/Castrop 2 - SV Recklinghaus"]
[Site "Verbandsliga - Gr. 2 2019/202"]
[Date "2019.09.22"]
[Round "1.2"]
[White "Foerster, Wolfgang"]
[Black "Hoefker, Mathias"]
[Result "0-1"]
[WhiteElo "1994"]
[BlackElo "2102"]
[Annotator "Daniel"]
[PlyCount "88"]
[EventDate "2019.??.??"]

1. e4 e6 2. b3 d5 3. Bb2 dxe4 4. Nc3 Nf6 5. g4 Bc5 6. Bg2 O-O 7. Nxe4 Nxe4 8.
Bxe4 f5 9. gxf5 exf5 10. Bf3 Nc6 11. Bxc6 bxc6 12. Qf3 $11 Re8+ 13. Ne2 Ba6 14.
c4 Qe7 15. Rg1 g6 16. O-O-O Ba3 17. Nc3 Bxc4 18. Qxc6 Bxb2+ 19. Kxb2 Bf7 20.
Rge1 Qh4 21. Qg2 Qd4 22. Qf3 Rab8 23. Re3 Red8 24. Kc2 Qb4 25. Rb1 Rd6 26. Rd3
Rbd8 27. Rxd6 Qxd6 28. Rd1 Qxh2 29. d4 Qd6 30. d5 Qe5 31. Qh1 Rd6 32. Qh4 Bxd5
33. f4 Be4+ 34. Kb2 Qe6 35. Qf2 Rxd1 36. Nxd1 Qd6 37. Nc3 Qd3 38. a4 a6 39. Qc5
Qd2+ 40. Ka1 Qxf4 41. Qc4+ Kg7 42. Nd5 Qe5+ 43. Nc3 h5 44. Kb2 h4 0-1

[Event "SK Sodingen/Castrop 2 - SV Recklinghaus"]
[Site "Verbandsliga - Gr. 2 2019/202"]
[Date "2019.09.22"]
[Round "1.3"]
[White "Herud, Martin"]
[Black "Haberhausen, Ansgar"]
[Result "1-0"]
[WhiteElo "2002"]
[BlackElo "1998"]
[Annotator "Daniel"]
[PlyCount "117"]
[EventDate "2019.??.??"]

1. e4 c6 2. Nf3 d5 3. Nc3 dxe4 4. Nxe4 Nf6 5. Nxf6+ exf6 6. Bc4 Bd6 7. O-O O-O
8. d4 Re8 9. c3 Be6 10. Qb3 Qb6 11. Re1 Qxb3 12. axb3 Nd7 13. Bd2 a6 14. Re3
Kf8 15. Rae1 Bg4 16. b4 Nb6 17. Bd3 Rxe3 18. fxe3 Be6 19. e4 h6 20. e5 fxe5 21.
Nxe5 Bxe5 22. Rxe5 Bc4 23. Bc2 Re8 24. Rxe8+ Kxe8 25. b3 Be6 26. c4 Ke7 27. Kf2
Nc8 $11 28. Bf4 Nd6 29. h3 g5 30. Bh2 Nf5 31. d5 cxd5 32. cxd5 Bd7 33. Be5 f6
34. Bc3 Nd6 35. Ke3 Bf5 36. Bd1 Be4 37. Bf3 Bxf3 38. Kxf3 h5 39. h4 Nf5 40.
hxg5 fxg5 41. Ke4 Nd6+ 42. Ke5 g4 43. Be1 Nf7+ 44. Kf5 Kd6 45. Kg6 Ne5+ 46.
Kxh5 Kxd5 47. Bc3 Nd3 48. Kxg4 Ke6 49. Kg5 Kf7 50. Kf5 b6 51. Ke4 Nc1 52. Kd5
Ke7 53. Kc6 b5 54. Kb6 Kd7 55. Kxa6 Kc6 56. g4 Ne2 57. Be5 Ng1 58. g5 Nf3 59.
g6 1-0

[Event "SK Sodingen/Castrop 2 - SV Recklinghaus"]
[Site "Verbandsliga - Gr. 2 2019/202"]
[Date "2019.09.22"]
[Round "1.4"]
[White "Kock, Wolfgang"]
[Black "Callenberg, Ralf"]
[Result "0-1"]
[WhiteElo "2019"]
[BlackElo "1982"]
[PlyCount "72"]
[EventDate "2019.??.??"]

1. c4 Nf6 2. g3 g6 3. Bg2 Bg7 4. Nc3 O-O 5. d3 c5 6. Bf4 Nc6 7. Qd2 Nd4 8. e3
Ne6 9. Nge2 d6 10. e4 Nxf4 11. Nxf4 Rb8 12. Nfe2 a6 13. O-O b5 14. Rac1 b4 15.
Nd1 Ng4 16. h3 Ne5 17. f4 Nc6 18. Ne3 Nd4 19. Kh2 e6 20. Ng4 h5 21. Ne3 Qf6 22.
Rb1 a5 23. g4 hxg4 24. Nxg4 Qh4 25. Nxd4 Bxd4 26. f5 gxf5 27. exf5 Kh7 28. fxe6
Bxe6 29. Qe1 Qg5 30. Qe4+ Kg7 31. Rf3 Rbe8 32. Ne3 f5 33. Qb7+ Re7 34. Rg3
Qxg3+ 35. Kxg3 Rxb7 36. Bxb7 f4+ 0-1

[Event "SK Sodingen/Castrop 2 - SV Recklinghaus"]
[Site "Verbandsliga - Gr. 2 2019/202"]
[Date "2019.09.22"]
[Round "1.5"]
[White "Mecklenburg, Roland"]
[Black "Schriewer, Thomas"]
[Result "1-0"]
[WhiteElo "1980"]
[BlackElo "1879"]
[PlyCount "57"]
[EventDate "2019.??.??"]

1. b3 c5 2. Bb2 d6 3. e3 Nf6 4. Nf3 a6 5. Be2 Nc6 6. O-O e5 7. d4 Qc7 8. Na3 b5
9. c4 b4 10. Nc2 Be7 11. d5 Nb8 12. Nd2 Bf5 13. f3 Bg6 14. Rf2 a5 15. a4 Nbd7
16. Nf1 O-O-O 17. g4 Rdg8 18. Rg2 h5 19. g5 Nh7 20. h4 Nhf8 21. Ng3 Qd8 22. f4
exf4 23. exf4 Bxc2 24. Qxc2 Ng6 25. Qe4 Nxh4 26. Rh2 Ng6 27. Bxh5 Ndf8 28. Re1
Kc7 29. Qf5 1-0

[Event "SK Sodingen/Castrop 2 - SV Recklinghaus"]
[Site "Verbandsliga - Gr. 2 2019/202"]
[Date "2019.09.22"]
[Round "1.6"]
[White "Hessel, Malte"]
[Black "Hajra, Hetem"]
[Result "1-0"]
[WhiteElo "1940"]
[BlackElo "1926"]
[PlyCount "69"]
[EventDate "2019.??.??"]

1. d4 d5 2. e3 Nf6 3. Bd3 e6 4. c3 c5 5. Nd2 Nc6 6. f4 c4 7. Bc2 b5 8. Ngf3 b4
9. e4 bxc3 10. bxc3 Qa5 11. Bb2 Rb8 12. Qc1 Rxb2 13. Qxb2 Ba3 14. Qb1 Qxc3 15.
Ba4 Bd7 16. Bxc6 Bxc6 17. Qb8+ Ke7 18. Qxa7+ Bd7 19. O-O dxe4 20. Ne5 Rc8 21.
Ndxc4 Bb2 22. Nxb2 Qxb2 23. Rab1 Qc3 24. Rb7 Rd8 25. Qc5+ Qxc5 26. dxc5 Ke8 27.
c6 Bc8 28. Rb8 Nd5 29. Rd1 f6 30. Nc4 Ke7 31. c7 Re8 32. Nb6 Nxb6 33. Rxb6 f5
34. Kf2 h6 35. Rbd6 1-0

[Event "SK Sodingen/Castrop 2 - SV Recklinghaus"]
[Site "Verbandsliga - Gr. 2 2019/202"]
[Date "2019.09.22"]
[Round "1.7"]
[White "Parado, Dominador"]
[Black "Zwielich, Frank"]
[Result "1/2-1/2"]
[WhiteElo "1885"]
[BlackElo "1938"]
[Annotator "Daniel"]
[PlyCount "69"]
[EventDate "2019.??.??"]

1. Nf3 c5 2. c4 Nc6 3. Nc3 g6 4. d3 Bg7 5. e4 e5 6. Be3 d6 7. Qd2 h6 8. h3 f5
9. exf5 gxf5 10. g3 Nge7 11. O-O-O Be6 12. Nh4 a6 13. Be2 b5 14. Bh5+ Kd7 15.
Kb1 Nd4 16. Bxd4 cxd4 17. Nd5 Nxd5 18. cxd5 Bxd5 19. Rhe1 Be6 20. f4 Qb6 $11
21. Ng6 Rhe8 22. fxe5 dxe5 23. Nxe5+ Bxe5 24. Bxe8+ Rxe8 25. Rxe5 Bxa2+ 26.
Kxa2 Rxe5 27. Qf4 Qd6 28. Kb1 b4 29. g4 fxg4 $11 30. Qxg4+ Kc7 31. Rf1 b3 32.
Qg8 Qb4 33. Rc1+ Rc5 34. Rxc5+ Qxc5 35. Qxb3 1/2-1/2

[Event "SK Sodingen/Castrop 2 - SV Recklinghaus"]
[Site "Verbandsliga - Gr. 2 2019/202"]
[Date "2019.09.22"]
[Round "1.8"]
[White "Evertz, Dieter"]
[Black "Stahlhofen, Thomas"]
[Result "1-0"]
[WhiteElo "1922"]
[BlackElo "1832"]
[PlyCount "71"]
[EventDate "2019.??.??"]

1. b3 e5 2. Bb2 d6 3. e3 Nf6 4. Be2 Be7 5. c4 c6 6. d4 exd4 7. Bxd4 O-O 8. Nd2
d5 9. Ngf3 Nbd7 10. O-O Re8 11. Qc2 Nf8 12. Bd3 N6d7 13. cxd5 cxd5 14. Bb2 Bf6
15. Nd4 Ne5 16. Be2 Bd7 17. Qc5 Ne6 18. Qxd5 Bc6 19. Qxd8 Raxd8 20. Rfd1 Nxd4
21. Bxd4 Nd7 22. Nc4 Bxd4 23. Rxd4 Nf6 24. Nd6 Re7 25. Rad1 Red7 26. Bc4 Rf8
27. f3 g6 28. b4 a6 29. Kf2 Kg7 30. e4 Rc7 31. Bb3 Re7 32. a4 b6 33. b5 axb5
34. axb5 Bd7 35. Bxf7 Rfxf7 36. Nxf7 1-0

[Event "SF Essen-Katernberg  3 - SV Bochum-Lind"]
[Site "Verbandsliga - Gr. 2 2019/202"]
[Date "2019.09.22"]
[Round "1.1"]
[White "Hahn, Matthias"]
[Black "Rosen, Willy"]
[Result "1/2-1/2"]
[WhiteElo "2068"]
[BlackElo "2106"]
[PlyCount "155"]
[EventDate "2019.??.??"]

1. d4 Nf6 2. c4 e6 3. Nc3 Bb4 4. Qc2 Nc6 5. Nf3 d6 6. Bd2 O-O 7. a3 Bxc3 8.
Bxc3 Qe7 9. e3 a5 10. b3 e5 11. dxe5 dxe5 12. Nd2 Nd4 13. Qb1 Bf5 14. Bd3 Bxd3
15. Qxd3 Rad8 16. Qb1 b6 17. Qd1 Ne6 18. Qc2 Nc5 19. O-O Nd3 20. Nf3 c5 21.
Rad1 e4 22. Nd2 Nh5 23. b4 axb4 24. axb4 f5 25. bxc5 bxc5 26. g3 Rd6 27. Nb3
Rfd8 28. Nc1 Ne5 29. Bxe5 Qxe5 30. Rxd6 Qxd6 31. Ne2 Qd2 32. Rc1 Nf6 33. Nf4
Qxc2 34. Rxc2 Rd1+ 35. Kg2 Kf7 36. Ra2 g5 37. Ne2 Ng4 38. Ra5 Rd2 39. h3 Nxe3+
40. fxe3 Rxe2+ 41. Kf1 Rxe3 42. Kf2 Rf3+ 43. Kg2 Rc3 44. Rxc5 Rc2+ 45. Kf1 Kf6
46. Rc6+ Ke5 47. Rc5+ Kf6 48. Rc6+ Kg7 49. Rc5 Kg6 50. Rc6+ Kh5 51. Rc5 Rc3 52.
Kg2 Rf3 53. Rc6 g4 54. h4 e3 55. Re6 Rf2+ 56. Kg1 Rf3 57. Kg2 h6 58. Kh2 Rf2+
59. Kg1 f4 60. Re5+ Kg6 61. gxf4 Rxf4 62. Rxe3 Kh5 63. Rc3 Rf6 64. c5 Rc6 65.
Kg2 Kxh4 66. Kh2 Kg5 67. Rc4 h5 68. Kg3 h4+ 69. Kg2 Ra6 70. c6 h3+ 71. Kg1 Ra1+
72. Kh2 Ra2+ 73. Kh1 g3 74. Rc1 Rh2+ 75. Kg1 Rg2+ 76. Kh1 Rh2+ 77. Kg1 Rg2+ 78.
Kh1 1/2-1/2

[Event "SF Essen-Katernberg  3 - SV Bochum-Lind"]
[Site "Verbandsliga - Gr. 2 2019/202"]
[Date "2019.09.22"]
[Round "1.2"]
[White "Krueger, Erich"]
[Black "Schreck, Roland"]
[Result "0-1"]
[WhiteElo "2061"]
[BlackElo "2109"]
[PlyCount "76"]
[EventDate "2019.??.??"]

1. d4 Nf6 2. c4 c5 3. d5 e6 4. Nc3 exd5 5. cxd5 d6 6. Nf3 g6 7. Nd2 Nbd7 8. e4
a6 9. a4 Bg7 10. f4 O-O 11. Be2 Re8 12. O-O Rb8 13. Qc2 b5 14. axb5 axb5 15.
Bxb5 Ng4 16. Nf3 Bd4+ 17. Nxd4 cxd4 18. Bxd7 Bxd7 19. h3 dxc3 20. bxc3 Qb6+ 21.
Kh1 Nf6 22. e5 Nxd5 23. Qd2 Ne7 24. Qxd6 Nf5 25. Qxb6 Rxb6 26. Kh2 Rc8 27. g4
Ng7 28. Ra7 Be6 29. Ba3 h5 30. f5 gxf5 31. gxf5 Bxf5 32. Bb4 Rg6 33. Rf4 Be6
34. Rf2 Nf5 35. Rg2 Rxg2+ 36. Kxg2 Kh7 37. Kf2 Rc4 38. Ra5 Rh4 0-1

[Event "SF Essen-Katernberg  3 - SV Bochum-Lind"]
[Site "Verbandsliga - Gr. 2 2019/202"]
[Date "2019.09.22"]
[Round "1.3"]
[White "Boehm, Ingo"]
[Black "Nautsch, Werner"]
[Result "1-0"]
[WhiteElo "2040"]
[BlackElo "2016"]
[PlyCount "61"]
[EventDate "2019.??.??"]

1. e4 c5 2. Nf3 Nc6 3. d4 cxd4 4. Nxd4 e6 5. Nc3 Nf6 6. g3 Bb4 7. Bg2 O-O 8.
O-O Bxc3 9. bxc3 d5 10. Bg5 Nxd4 11. cxd4 dxe4 12. Bxe4 h6 13. Bxf6 Qxf6 14. c3
e5 15. Qa4 exd4 16. cxd4 Rd8 17. Rfd1 Bd7 18. Qb4 Bc6 19. d5 a5 20. Qb6 Ra6 21.
Qxd8+ Qxd8 22. dxc6 Qe7 23. cxb7 Rb6 24. Rab1 Rxb7 25. Bxb7 g6 26. Bd5 Qe2 27.
Re1 Qd2 28. Rbd1 Qc2 29. Bb3 Qc6 30. Rd8+ Kg7 31. Re7 1-0

[Event "SF Essen-Katernberg  3 - SV Bochum-Lind"]
[Site "Verbandsliga - Gr. 2 2019/202"]
[Date "2019.09.22"]
[Round "1.4"]
[White "Stremmel, Ralf"]
[Black "Schmidt, Ralph"]
[Result "1-0"]
[WhiteElo "2045"]
[BlackElo "1921"]
[Annotator "Daniel"]
[PlyCount "81"]
[EventDate "2019.??.??"]

1. e4 e5 2. Nf3 Nc6 3. Bc4 Nd4 4. Nxd4 exd4 5. O-O d6 6. d3 g6 7. f4 Be6 8.
Bxe6 fxe6 9. f5 Qf6 10. fxe6 Qxe6 11. Nd2 Bg7 12. Nf3 h6 13. b4 O-O-O 14. Bb2
c5 15. a4 Nf6 16. Nd2 Ng4 17. Nc4 Ne5 18. Nxe5 Bxe5 19. Ba3 h5 20. bxc5 dxc5
21. Bxc5 Bxh2+ 22. Kxh2 Qe5+ 23. Kg1 Qxc5 24. Qf3 Rhf8 25. Qh3+ Kb8 26. Qg3+
Ka8 27. e5 Rxf1+ 28. Rxf1 Re8 $11 29. Qf4 a6 30. Re1 Qa5 31. Qe4 Re6 32. Rb1
Qc7 33. Qxd4 Qxe5 34. Qd8+ Ka7 35. Qd7 Rb6 36. Rf1 Qc5+ 37. Kh1 Rb4 38. c4 Rb2
39. Qg7 Rf2 40. Rb1 Qc6 41. Qd4+ 1-0

[Event "SF Essen-Katernberg  3 - SV Bochum-Lind"]
[Site "Verbandsliga - Gr. 2 2019/202"]
[Date "2019.09.22"]
[Round "1.5"]
[White "Hochstein, Udo"]
[Black "Jahrke, Jonas"]
[Result "0-1"]
[WhiteElo "1888"]
[BlackElo "1840"]
[PlyCount "48"]
[EventDate "2019.??.??"]

1. d4 Nf6 2. c4 c5 3. d5 b5 4. cxb5 a6 5. bxa6 g6 6. b3 Bg7 7. Bb2 O-O 8. g3 d6
9. Bg2 Bf5 10. Nc3 Qa5 11. Kf1 Nxa6 12. a3 Rfb8 13. Ra2 Qb6 14. e4 Bg4 15. Bf3
Qxb3 16. Qxb3 Rxb3 17. Bxg4 Nxg4 18. Nge2 Nb4 19. axb4 Rxa2 20. Nxa2 Rxb2 21.
Nac1 cxb4 22. h3 Ne5 23. f4 Nc4 24. Ke1 b3 0-1

[Event "SF Essen-Katernberg  3 - SV Bochum-Lind"]
[Site "Verbandsliga - Gr. 2 2019/202"]
[Date "2019.09.22"]
[Round "1.6"]
[White "Geerlings, Gerd"]
[Black "Pappert, Thomas"]
[Result "0-1"]
[WhiteElo "1999"]
[BlackElo "1807"]
[PlyCount "62"]
[EventDate "2019.??.??"]

1. Nf3 c5 2. c4 Nc6 3. Nc3 e5 4. d3 d6 5. g3 f5 6. Bg2 Nf6 7. O-O Be7 8. a3 O-O
9. Rb1 a5 10. e3 h6 11. Nd5 Be6 12. Nd2 Rb8 13. f4 Qd7 14. b3 b5 15. Bb2 bxc4
16. Nxe7+ Nxe7 17. fxe5 Ng4 18. exd6 Nd5 19. Bxd5 Bxd5 20. Re1 cxd3 21. Bc3
Qxd6 22. Bxa5 Ba8 23. Bc3 Rbe8 24. e4 Qg6 25. Nf1 f4 26. Nd2 Nxh2 27. Kxh2
Qxg3+ 28. Kh1 Rf5 29. Qf3 Qh4+ 30. Kg1 Rg5+ 31. Kf1 Qh2 0-1

[Event "SF Essen-Katernberg  3 - SV Bochum-Lind"]
[Site "Verbandsliga - Gr. 2 2019/202"]
[Date "2019.09.22"]
[Round "1.7"]
[White "Knackstedt, Ulf"]
[Black "Sauer, Bernd"]
[Result "0-1"]
[WhiteElo "1780"]
[BlackElo "1952"]
[PlyCount "84"]
[EventDate "2019.??.??"]

1. Nf3 d5 2. c3 Nf6 3. d3 Bf5 4. Bg5 e6 5. g3 Nbd7 6. Bg2 Be7 7. O-O h6 8. Bf4
g5 9. Bd2 c6 10. Nd4 Bg6 11. Qb3 Nc5 12. Qc2 e5 13. Nf3 Qc7 14. b4 Ne6 15. Qb3
Nd7 16. Re1 O-O-O 17. Rc1 h5 18. Qa4 Kb8 19. Be3 d4 20. cxd4 Nb6 21. Qa5 exd4
22. Bxg5 Rd5 23. b5 Bxg5 24. Nxg5 Rxg5 25. h4 Rxb5 26. Qd2 Na4 27. Rc4 Nb6 28.
Rb4 Rxb4 29. Qxb4 Rd8 30. a4 Nd5 31. Qb3 Qa5 32. Ra2 Qe1+ 33. Kh2 Nc3 34. Rb2
Nc5 35. Qb4 Qc1 36. Bxc6 Nd5 37. Qa5 b6 38. Rb5 Kc7 39. Qxa7+ Kxc6 40. e4 dxe3
41. d4 exf2 42. Rxc5+ bxc5 0-1